| 000 | 00533nam a22002057a 4500 | ||
|---|---|---|---|
| 003 | OSt | ||
| 005 | 20240426122732.0 | ||
| 008 | 240426b |||||||| |||| 00| 0 eng d | ||
| 020 | _a052142741X | ||
| 040 | _cDDC | ||
| 082 | _a530.42 CHA 1992 | ||
| 100 |
_aChandrasekhar, S. F.R.S. _916973 |
||
| 245 | _aLiquid Crystals | ||
| 250 | _a2nd. ed | ||
| 260 | _aCambridge, University Press, 1992 | ||
| 300 | _axv,460p; Ill: 23cm | ||
| 504 | _aReferences, & index included. | ||
| 650 |
_aLiquid crystals _916974 |
||
| 942 |
_2ddc _cO_SHELF |
||
| 999 |
_c8313 _d8313 |
||